000 00631nam a2200229Ia 4500
003 OSt
005 20220923220915.0
006 a|||||r|||| 00| 0
007 ta
008 220922b |||||||| |||| 00| 0 hin d
024 _a192,058
037 _cTextual
040 _aARTS
_cARTS
_bhin
041 _2hin
_ahin
082 _aS8, 152J4
100 _aशर्मा, शिवानन्द
245 0 _aसमाज मनोविज्ञान
246 _aSamāj hinovijnyāna
260 _c1954
942 _hS8, 152J4
_cTEXL
_2CC
999 _c344704
_d344704